000 00363cam a2200157ua 4500
041 _aeng
_h
082 _a828.09
_bMUL/BR
100 _aMullik, B.R .
245 _aBrowning /
_cB.R Mullik.
_hTextual Documents
250 _a4 /
_b.
260 _aNew Delhi :
_bS.Chand & Sons ,
_c1963.
300 _a105 ; .
504 _a
942 _cBK
999 _c2345
_d2345